| 000 | 01118cam a2200313 a 4500 | ||
|---|---|---|---|
| 001 | 000013022 | ||
| 005 | 20200929163126.0 | ||
| 008 | 981116s1998 ck a i001 0 spa | ||
| 020 | _a9280633511 | ||
| 020 | _a9582403543 | ||
| 040 |
_aDO-SdBNP _bspa _cLC _dBNPHU |
||
| 082 |
_a361.77 _bT639e |
||
| 245 | 0 | 0 |
_aTodos entran : _bpropuesta para sociedades incluyentes / _cedición Eduardo Bustelo, Alberto Minujin ; Eduardo Bustelo ... [et al.]. |
| 260 |
_aSantafé de Bogotá : _bUnicef : _bSantillana, _c1998. |
||
| 300 |
_a277 p. : _bil. ; _c22 cm. |
||
| 490 | 1 | _aCuadernos de Debate | |
| 651 | 4 |
_aAmérica Latina _xPolítica Social _930058 |
|
| 650 | 4 |
_aIntegración social _zAmérica Latina _930059 |
|
| 650 | 4 |
_aMarginalidad social _zAmérica Latina _930060 |
|
| 700 | 1 |
_aBustelo, Eduardo S., _eed. _930061 |
|
| 700 | 1 |
_aMinujin , Alberto., _eed. _930062 |
|
| 700 | 1 |
_aCastel, Robert. _930063 |
|
| 700 | 1 |
_aGaltung, Johan. _930064 |
|
| 700 | 1 |
_aMinujin, Alberto. _930065 |
|
| 700 | 1 |
_aStewart, Frances. _930066 |
|
| 830 | 0 |
_aCuadernos de Debate _930067 |
|
| 910 | _aCatalogación por copia / LC | ||
| 049 | _aBNGR | ||
| 999 |
_c12669 _d12669 |
||